Music Quiz

Random Music or Billboard Quiz

Who Has More #1s? Quiz Stats

 Plays Quiz Updated Jan 5, 2018

Challenge
Share
Tweet
Embed
Score 0/44 Timer 06:00
4 Plays Today
Artist 'A' vs % Correct
Michael Jackson*???
89.8%
Eagles???
85.7%
The Jackson 5???
84.4%
Elton John???
81.8%
Nancy Sinatra???
80.9%
Simply Red???
79.3%
Rick Astley???
79%
The Edgar Winter Group???
77.8%
Madonna???
77.1%
The Monkees???
74.1%
Ray Charles???
72%
Hanson???
71.1%
'N Sync???
69.9%
Alicia Keys???
69.5%
Chicago???
65.3%
Fergie*???
65.2%
Pet Shop Boys???
63.9%
Kelly Clarkson???
62.5%
Maroon 5???
62.4%
Earth, Wind & Fire???
58.5%
Elvis Presley???
58.1%
Red Hot Chili Peppers???
58%
Artist 'A' vs % Correct
Neil Diamond???
57.1%
50 Cent???
56.3%
Aretha Franklin???
55.6%
The Mamas & the Papas???
55.6%
The Spice Girls???
54.5%
Mariah Carey???
54.4%
Katy Perry???
52.4%
Prince???
51.7%
Milli Vanilli???
51.6%
The Everly Brothers???
51.1%
Men at Work???
50.6%
John Lennon*???
50.2%
Cher???
44.1%
Seal???
41.8%
Eminem???
41%
Led Zeppelin???
40.5%
Simon and Garfunkel???
38.4%
Rihanna???
37.6%
Meatloaf???
31.9%
Fleetwood Mac???
30.6%
ABBA???
23.3%
U2???
23.1%

You're not logged in!

Compare scores with friends on all Sporcle quizzes.
Join for Free
OR
Log In

You Might Also Like...

Show Comments

Extras

Top Quizzes Today


Score Distribution

Your Account Isn't Verified!

In order to create a playlist on Sporcle, you need to verify the email address you used during registration. Go to your Sporcle Settings to finish the process.

Report this User

Report this user for behavior that violates our Community Guidelines.

Details: